000 00518nam a2200157 i 4500
001 84818
003 ES-MaACL
007 t|
008 041124s1984 sp ||||1| spa d
111 2 _aJornadas de Debate de la Corriente de Feminismo Socialista
_n(1ยช.
_d1983.
_cMadrid)
_9786
245 1 0 _aPrimeras Jornadas de Debate de la Corriente de Feminismo Socialista
_b: 1983, Madrid.
260 _a[Madrid :
_bs.n.,
_c1983]
300 _a462 p. ;
_c21 cm.
852 _aES-MaACL
_jL-5906
_bR.106378
999 _c84818
_d84818